[Event "SRB Central-ch op"]
[Site "Vrnjacka Banja"]
[Date "2014.03.20"]
[Round "5"]
[White "Gavrilovic, Leonardo"]
[Black "Rajkovic, Dusan"]
[Result "1-0"]
[WhiteElo "2255"]
[BlackElo "2369"]
[PlyCount "84"]
[EventDate "2014.03.17"]
[EventType "swiss"]
[EventRounds "9"]
[EventCountry "SRB"]
[SourceTitle "CBM 159 Extra"]
[Source "ChessBase"]
[SourceDate "2014.04.24"]
[SourceVersion "1"]
[SourceVersionDate "2014.04.24"]
[SourceQuality "1"]

1. Nf3 c5 2. g3 Nc6 3. c4 g6 4. Bg2 Bg7 5. 0-0 e5 6. d3 Nge7 7. Nc3 0-0 8. a3 d6 9. Rb1 a5 10. Bd2 h6 11. Ne1 Be6 12. Nd5 Bxd5 13. cxd5 Nd4 14. a4 Qb6 15. b3 h5 16. h3 Ndf5 17. Nc2 Bh6 18. Bc3 Qc7 19. Na3 b6 20. Nb5 Qd7 21. Be1 Rfb8 22. Bd2 Bg7 23. e3 Nc8 24. h4 Nh6 25. d4 exd4 26. exd4 Ng4 27. Bf4 Bf8 28. Bh3 f5 29. Re1 Na7 30. Nxa7 Rxa7 31. Re6 Kh7 32. f3 Nh6 33. Bf1 Rd8 34. Bg5 Rc8 35. Bb5 Qb7 36. Bc4 Nf7 37. g4 Nxg5 38. hxg5 Bg7 39. dxc5 Rxc5 40. gxf5 gxf5 41. f4 Kg8 42. Qxh5 Qf7 1-0